Pairs #15 (Film Edition) - Statistics

General Stats
  • This quiz has been taken 274 times
  • The average score is 16 of 25
Answer Stats
Hint Extra Hint Explanation Answer % Correct
Indiana Jones title Indiana Jones and the Temple of Doom. US film starring Harrison Ford and Kate Capshaw. Lucasfilm Ltd., dir. Steven Spielberg (1984). the Temple of Doom
98%
Alvin title Alvin and the Chipmunks. US live-action/animated film starring Jason Lee and David Cross. 20th Century Fox Animation et al., dir. Tim Hill (2007). the Chipmunks
97%
Lady title Lady and the Tramp. Animated film. Walt Disney Productions, dir. Clyde Geronimo, Wilfred Jackson, and Hamilton Luske (1955); Live action remake. Walt Disney Pictures and Taylor Made, dir., Charlie Bean (2019). the Tramp
97%
Barbie characters Barbie and Ken. Fashion doll icons and principal characters in Barbie, US film starring Margot Robbie and Ryan Gosling. Heyday Films et al., dir. Greta Gerwig (2023). Ken
95%
James title James and the Giant Peach. US animated film based on the Roald Dahl book. Walt Disney Pictures, Allied Filmmakers and Skellington Productions, dir. Henry Selick (1996). the Giant Peach
90%
Pain title Pain & Gain. US film starring Mark Wahlberg and Dwayne Johnson. Paramount Pictures et al., dir. Michael Bay (2013). Gain
88%
Fire title Fire and Ice. Animated film. Aspen Productions and Film Finance Group, dir. Ralph Bakshi (1983). Ice
88%
Marley title Marley & Me. US film starring Owen Wilson and Jennifer Anniston. Fox 2000 Pictures et al., dir. David Frankel (2008). Me
88%
Guys title Guys and Dolls. US musical film (based on the Broadway musical) starring Marlon Brando and Jean Simmons. Samuel Goldwyn Productions, dir. Joseph L. Mankiewicz (1955). Dolls
86%
Dead title Dead & Buried. US horror film starring James Farentino and Melody Anderson. AVCO Embassy Pictures, dir. Gary Sherman (1981). Buried
85%
Elizabeth Taylor duo Elizabeth Taylor and Richard Burton. Hollywood power couple who starred together in 11 films and married each other twice. Richard Burton
82%
Cheech duo Cheech & Chong. Comedy duo Cheech Marin and Tommy Chong, veterans of stand-up comedy, studio recordings and feature films in the 1970s and 1980s. Chong
80%
Abbott duo Abbott and Costello. Bud Abbott and Lou Costello, U.S. comedy duo who worked in radio, film and TV in the 1940s and 1950s. Costello
80%
Scarlett O’Hara characters Scarlett O’Hara and Rhett Butler. Principal characters in Gone with the Wind, a US film starring Clark Gable and Vivien Leigh. Selznick International Pictures and Metro-Goldwyn-Mayer, dir. Victor Fleming (1939). Rhett Butler
73%
Tango title Tango & Cash. US film starring Sylvester Stallone and Kurt Russell. The Guber-Peters Company, dir. Andrei Konchalovsky and Albert Magnoli (1989). Cash
69%
Harold characters Harold & Kumar. A series of US films created by John Hurwitz and Hayden Schlossberg, and starring John Cho, Kal Penn and Neil Patrick Harris. Kumar
63%
Oliver title Oliver & Company. Animated film. Walt Disney Pictures, Walt Disney Feature Animation and Silver Screen Partners III, dir. George Scribner (1988). Company
62%
Nicholas title Nicholas and Alexandra. British film starring Michael Jayston and Janet Suzman. Horizon Pictures, dir. Franklin J. Schaffner (1971). Alexandra
48%
Zack title Zack and Miri (Make a Porno). US film starring Seth Rogen and Elizabeth Banks. The Weinstein Company, LLC and View Askew Productions, dir. Kevin Smith (2008). Miri
46%
Kurt title Kurt & Courtney. British documentary film about the circumstances surrounding Kurt Cobain’s death and allegations of Courtney Love’s involvement. Capitol Films, dir. Nick Broomfield (1998). Courtney
39%
Victoria title Victoria & Abdul. British film starring Judy Dench and Ali Fazal as Queen Victoria and her closest confidant, Abdul Karim. Focus Features, BBC Films et al., dir. Stephen Frears (2017). Abdul
37%
Robot title Robot & Frank. US film starring Frank Langella and Susan Sarandon. Stage 6 Films et al., dir. Jake Schreier (2012). Frank
18%
Batman title Batman & Bill. Documentary film. 9.14 Pictures and Thruline Entertainment, dir. Don Argott and Sheena M. Joyce (2017). Bill
14%
Queen title Queen & Slim. US film starring Daniel Kaluuya and Jodie Turner-Smith. Universal Pictures, Entertainment One, 3Blackdot et al., dir. Melina Matsoukas (2019). Slim
12%
Walt title Walt & El Grupo. US documentary film. Walt Disney Family Foundation Films, dir. Theodore Thomas (2009). El Grupo
4%
No matching quizzes found
Score Distribution
Percent of People with Each Score
Percentile by Number Answered
Your Score History
You have not taken this quiz